| 000 | 01762nam a2200397 i 4500 | ||
|---|---|---|---|
| 001 | ebr10987399 | ||
| 003 | CaPaEBR | ||
| 006 | m o d | ||
| 007 | cr cn||||||||| | ||
| 008 | 060808s2006 enka ob 001 0 eng|d | ||
| 020 | _z9780470016374 (hbk.) | ||
| 020 | _z047001637X (hbk.) | ||
| 020 | _a9781118867556 (e-book) | ||
| 040 |
_aCaPaEBR _beng _erda _epn _cCaPaEBR |
||
| 035 | _a(OCoLC)607793160 | ||
| 043 | _aa-cc-sm | ||
| 050 | 1 | 4 |
_aNA1547.S5 _bD46 2006eb |
| 082 | 0 | 4 |
_a720.951132 _223 |
| 100 | 1 |
_aDenison, Edward, _eauthor. |
|
| 245 | 1 | 0 |
_aBuilding Shanghai : _bthe story of China's gateway / _cEdward Denison, Guang Yu Ren. |
| 264 | 1 |
_aChichester, England ; _aHoboken, New Jersey : _bWiley-Academy, _c2006. |
|
| 300 |
_a1 online resource (258 pages) : _billustrations (some color) |
||
| 336 |
_atext _2rdacontent |
||
| 337 |
_acomputer _2rdamedia |
||
| 338 |
_aonline resource _2rdacarrier |
||
| 504 | _aIncludes bibliographical references (pages 240-249) and index. | ||
| 588 | _aDescription based on print version record. | ||
| 590 | _aElectronic reproduction. Palo Alto, Calif. : ebrary, 2014. Available via World Wide Web. Access may be limited to ebrary affiliated libraries. | ||
| 650 | 0 |
_aArchitecture _zChina _zShanghai. |
|
| 651 | 0 |
_aShanghai (China) _xBuildings, structures, etc. |
|
| 655 | 0 | _aElectronic books. | |
| 700 | 1 |
_aRen, Guang Yu, _eauthor. |
|
| 776 | 0 | 8 |
_iPrint version: _aDenison, Edward. _tBuilding Shanghai : the story of China's gateway. _dChichester, England : Wiley-Academy, 2006 _h258 pages ; 26 cm _z9780470016374 _w(OCoLC)ocm68846973 _w(DLC)10987399 |
| 797 | 2 | _aebrary. | |
| 856 | 4 | 0 |
_uhttp://site.ebrary.com/lib/rucke/Doc?id=10987399 _zAn electronic book accessible through the World Wide Web; click to view |
| 999 |
_c149684 _d149684 |
||